000 00612na a2200217 4500
001 13438
003 MIRAKIL
005 20181213154910.0
008 160828b tu 000 0
035 _a13438
040 _aMilas
_btur
_cTR-AnCHP
082 _a323.34
_bK31h
090 _a323.34 K31h 1995
100 _aKebapçıoğlu, Süheyla
245 _aHaydi kadınlar siyasete
_bsiyasette çalışma model ve teknikler
_cSüheyla Kebapçıoğlu
260 _aAnkara
_b[yayl.y.]
_c1995
300 _av, 83 s.
_c15 sm.
504 _aKaynakça var
650 _aKadınlar
_xSiyasal haklar
942 _2ddc
_cBKS
999 _c2826
_d2826